| Tag |
First Indicator |
Second Indicator |
Subfields |
| LEADER |
00000cam a2200000 a 4500 |
| 001 |
in00001343321 |
| 005 |
20151006051754.0 |
| 008 |
881024s1989 mnua b 001 0 eng |
| 010 |
|
|
|a 88027250
|
| 020 |
|
|
|a 0314481419 (alk. paper)
|
| 035 |
|
|
|a (OCoLC)18778972
|
| 035 |
|
|
|9 AHF6524AM
|
| 040 |
|
|
|a DLC
|c DLC
|d TXA
|d UtOrBLW
|
| 049 |
|
|
|a TXAM
|
| 050 |
0 |
0 |
|a GB54.5
|b .S38 1989
|
| 082 |
0 |
0 |
|a 551.4
|2 19
|
| 100 |
1 |
|
|a Scott, Ralph C.
|q (Ralph Carter),
|d 1944-
|
| 245 |
1 |
0 |
|a Physical geography /
|c Ralph C. Scott.
|
| 264 |
|
1 |
|a St. Paul :
|b West Pub. Co.,
|c [1989]
|
| 264 |
|
4 |
|c ©1989
|
| 300 |
|
|
|a xiv, 542 pages :
|b illustrations (some color) ;
|c 26 cm.
|
| 336 |
|
|
|a text
|b txt
|2 rdacontent
|
| 337 |
|
|
|a unmediated
|b n
|2 rdamedia
|
| 338 |
|
|
|a volume
|b nc
|2 rdacarrier
|
| 504 |
|
|
|a Includes bibliographies and index.
|
| 650 |
|
0 |
|a Physical geography.
|
| 999 |
|
|
|a MARS
|
| 999 |
f |
f |
|s b081de79-9c86-3f04-8f84-74bd942421bc
|i 7cfd0999-ea6e-395f-8606-ecb3d819cee1
|t 0
|
| 952 |
f |
f |
|p normal
|a Texas A&M University
|b College Station
|c Sterling C. Evans Library
|s Evans pres repr
|d Evans: Preservation Repair (see AskUs desk for assistance)
|t 0
|e GB54.5 .S38 1989
|h Library of Congress classification
|i unmediated -- volume
|m A14820803394
|
| 998 |
f |
f |
|a GB54.5 .S38 1989
|t 0
|l Evans: Library Stacks
|